[Event "IEWCC"]
[Site "Istanbul TUR"]
[Date "2003.06.10"]
[Round "7"]
[White "Janjgava,N"]
[Black "Jiretorn,E"]
[Result "1/2-1/2"]
[WhiteElo "2286"]
[BlackElo "2106"]
[EventDate "2003.06.02"]

1. d4 Nf6 2. c4 g6 3. Nf3 Bg7 4. g3 O-O 5. Bg2 d6 6. O-O c6 7. Nc3 Qa5 8.
e4 Nbd7 9. Re1 e5 10. h3 exd4 11. Nxd4 Ne5 12. Bf1 Be6 13. Nxe6 fxe6 14.
Kg2 Rad8 15. f4 Nf7 16. Bd2 Qc7 17. Qf3 e5 18. f5 Kh8 19. g4 gxf5 20. exf5
Rg8 21. Kh1 Bh6 22. Bxh6 Nxh6 23. Ne4 Qe7 24. Bg2 Nf7 25. Qf2 Nxe4 26. Rxe4
a6 27. Rf1 d5 28. cxd5 cxd5 29. Ree1 e4 30. Qe3 Qe5 31. Rf2 Nd6 32. Qh6 Nf7
33. Qe6 Qxe6 34. fxe6 Ne5 35. Rf5 Nd3 36. Rd1 Rge8 37. Bf1 Rxe6 38. Bxd3
exd3 39. Rxd3 Re2 40. Rfxd5 Rxd5 41. Rxd5 Rxb2 42. a4 b6 43. a5 1/2-1/2

[Event "IEWCC"]
[Site "Istanbul TUR"]
[Date "2003.06.10"]
[Round "7"]
[White "Shukurova,M"]
[Black "Mira,H"]
[Result "1-0"]
[WhiteElo "2250"]
[BlackElo "2126"]
[EventDate "2003.06.02"]

1. e4 e5 2. Nf3 Nf6 3. Nxe5 d6 4. Nf3 Nxe4 5. d4 d5 6. Bd3 Be7 7. O-O O-O
8. c4 Nf6 9. Nc3 dxc4 10. Bxc4 Bg4 11. Be3 c6 12. Re1 Nbd7 13. Be2 Bd6 14.
Rc1 Qa5 15. h3 Bh5 16. Nd2 Bxe2 17. Qxe2 Qf5 18. a3 Rae8 19. b4 Re7 20. Nf3
Nd5 21. Nh4 Nxc3 22. Nxf5 Nxe2+ 23. Rxe2 Re6 24. d5 cxd5 25. Rd2 Bb8 26.
Rxd5 Nf6 27. Rdc5 Rfe8 28. Rc8 Rxc8 29. Rxc8+ Re8 30. Ne7+ Kh8 31. Bd4 Rxc8
32. Nxc8 a6 33. a4 b5 34. a5 Nd5 35. Bc5 g6 36. Nb6 Nxb6 37. axb6 Kg7 38.
Be7 f5 39. Bd8 Be5 40. Bc7 Bd4 41. b7 Ba7 42. b8=Q 1-0

[Event "IEWCC"]
[Site "Istanbul TUR"]
[Date "2003.06.10"]
[Round "7"]
[White "Kouvatsou,M"]
[Black "Yildiz,B"]
[Result "1-0"]
[WhiteElo "2233"]
[BlackElo "2119"]
[EventDate "2003.06.02"]

1. e4 d5 2. exd5 Qxd5 3. Nc3 Qa5 4. d4 c6 5. Nf3 Bf5 6. Ne5 Nf6 7. g4 Bg6
8. h4 Nbd7 9. Nc4 Qc7 10. h5 Be4 11. Nxe4 Nxe4 12. Qf3 Nd6 13. Bf4 e6 14.
Qg3 e5 15. Bxe5 Nxe5 16. Qxe5+ Kd7 17. Nxd6 Qxd6 18. Qf5+ Qe6+ 19. Qxe6+
fxe6 20. Bc4 Bd6 21. O-O g6 22. Rfe1 Rae8 23. hxg6 hxg6 24. Re4 g5 25. Rae1
Rh6 26. a4 Bh2+ 27. Kg2 Bd6 28. c3 Bf4 29. a5 Rh2+ 30. Kg1 Rh6 31. a6 b6
32. R4e2 Bd6 33. d5 e5 34. dxc6+ Kxc6 35. Rd1 Reh8 36. Bd5+ Kc7 37. Bg2 Rf8
38. Re4 Rhf6 39. Rc4+ Kd7 40. Be4 Ke7 41. Bf5 Rh8 42. b4 Rfh6 43. Kg2 Rh2+
44. Kf3 R2h3+ 45. Ke4 Rh2 46. Rd2 Rd8 47. Rc6 Rh6 48. c4 Bxb4 49. Rc7+ Ke8
50. Rxd8+ Kxd8 51. Rxa7 1-0

[Event "IEWCC"]
[Site "Istanbul TUR"]
[Date "2003.06.10"]
[Round "7"]
[White "Cinar,N"]
[Black "Kadziolka,B"]
[Result "0-1"]
[WhiteElo "2090"]
[BlackElo "2206"]
[EventDate "2003.06.02"]

1. e4 c5 2. Nf3 d6 3. d4 cxd4 4. Qxd4 Nc6 5. Bb5 Bd7 6. Bxc6 Bxc6 7. Nc3
Nf6 8. Bg5 e6 9. O-O-O Be7 10. Rhe1 O-O 11. Kb1 Qc7 12. Qd2 Rfc8 13. Nd4 b5
14. f3 b4 15. Nce2 a5 16. g4 a4 17. h4 Rab8 18. Bxf6 Bxf6 19. g5 Be7 20.
Ng3 Ba8 21. Nh5 d5 22. e5 b3 23. cxb3 Bb4 24. Qf4 Bxe1 25. Rxe1 axb3 26. a3
Qc4 27. Rg1 Qd3+ 28. Ka1 Rb4 29. Nf6+ Kh8 30. Nxh7 Rxd4 31. Qxf7 Qd1+ 0-1

[Event "IEWCC"]
[Site "Istanbul TUR"]
[Date "2003.06.10"]
[Round "7"]
[White "Cavusoglu,Y"]
[Black "Gerasimovitch,O"]
[Result "0-1"]
[WhiteElo "2045"]
[BlackElo "2200"]
[EventDate "2003.06.02"]

1. d4 Nf6 2. Nf3 g6 3. Bf4 Bg7 4. e3 O-O 5. Be2 d6 6. h3 Nfd7 7. O-O e5 8.
Bh2 Nc6 9. c3 f5 10. b4 e4 11. Nfd2 Nf6 12. Qb3+ Kh8 13. a4 Ne7 14. Na3 Bh6
15. c4 g5 16. Qc2 Ng6 17. c5 d5 18. Nb5 f4 19. c6 b6 20. a5 bxa5 21. Rxa5
a6 22. Rfa1 Rb8 23. Na7 fxe3 24. fxe3 g4 25. Nf1 gxh3 26. g3 Ng4 27. Bxg4
Bxg4 28. b5 axb5 29. Nxb5 Ne7 30. Qc5 Nf5 31. Re1 Qf6 32. Ra2 Nxe3 0-1

[Event "IEWCC"]
[Site "Istanbul TUR"]
[Date "2003.06.10"]
[Round "7"]
[White "Kharashkina,B"]
[Black "Ozturk,K"]
[Result "1-0"]
[WhiteElo "2182"]
[BlackElo "1948"]
[EventDate "2003.06.02"]

1. e4 c5 2. c3 Nc6 3. d4 d5 4. exd5 Qxd5 5. Nf3 Bg4 6. Be2 e6 7. h3 Bh5 8.
Be3 cxd4 9. cxd4 Nf6 10. O-O Be7 11. Nc3 Qd8 12. a3 O-O 13. Qb3 Rb8 14.
Rfd1 Na5 15. Qa2 Nd5 16. Nxd5 Qxd5 17. Qxd5 exd5 18. g4 Bg6 19. Ne5 Rfd8
20. b4 Nc6 21. Rac1 Nxe5 22. dxe5 a6 23. Rc7 Kf8 24. Ba7 Rbc8 25. Rxb7 Bc2
26. Rd4 Bb3 27. Bb6 Rc1+ 28. Kg2 Rdc8 29. Bxa6 Ra8 30. Bb5 Rc2 31. a4 g6
32. a5 Ra2 33. a6 Bh4 34. Rf4 d4 35. Rd7 Be6 36. Rdxd4 Rb8 37. Bc5+ Kg7 38.
Bd3 Bg5 39. a7 Ra8 40. Rf3 R8xa7 41. Bxa7 Rxa7 42. Be4 Be7 43. b5 Bc5 44.
Rd2 Bb6 45. Rb2 Ra4 46. Bc6 Kf8 47. Rd3 Ke7 48. Bd5 Bd4 49. Rxd4 Rxd4 50.
Bxe6 Kxe6 51. b6 Rd8 52. b7 Rb8 53. f4 Kd5 54. Kf3 h6 55. Ke3 g5 56. Rb1
Ke6 57. Ke4 gxf4 58. Kxf4 f6 59. Rb6+ Kf7 60. exf6 Kg6 61. h4 Kf7 62. Kf5
Kf8 63. Kg6 h5 64. Rc6 hxg4 65. Rc8+ 1-0

[Event "IEWCC"]
[Site "Istanbul TUR"]
[Date "2003.06.10"]
[Round "7"]
[White "Milliet,S"]
[Black "Nagel,Y"]
[Result "1-0"]
[WhiteElo "2240"]
[BlackElo "2068"]
[EventDate "2003.06.02"]

1. e4 c5 2. Nc3 e6 3. f4 d5 4. Nf3 dxe4 5. Nxe4 Nf6 6. Bb5+ Bd7 7. Bxd7+
Nbxd7 8. d3 Be7 9. O-O O-O 10. a4 Qc7 11. Qe2 Nd5 12. g3 h6 13. Bd2 Rac8
14. b3 Qc6 15. Rae1 Rfe8 16. Ne5 Qc7 17. Nxf7 Kxf7 18. Ng5+ hxg5 19. Qxe6+
Kf8 20. fxg5+ N5f6 21. g6 Ne5 22. Rxe5 Bd6 23. Rxf6+ gxf6 24. Bh6+ 1-0

[Event "IEWCC"]
[Site "Istanbul TUR"]
[Date "2003.06.10"]
[Round "7"]
[White "Kopinits,A"]
[Black "Johansson,V"]
[Result "1-0"]
[WhiteElo "2127"]
[BlackElo "2175"]
[EventDate "2003.06.02"]

1. e4 c5 2. Nc3 Nc6 3. g3 g6 4. Bg2 Bg7 5. d3 e6 6. Be3 d6 7. Qd2 Nd4 8.
Nd1 Ne7 9. c3 Ndc6 10. Bh6 O-O 11. h4 Bxh6 12. Qxh6 Kh8 13. Nf3 Ng8 14. Qd2
h5 15. Ne3 Nf6 16. g4 Ne7 17. e5 dxe5 18. Nxe5 Kg7 19. g5 Nfd5 20. O-O-O
Qc7 21. Nxd5 exd5 22. Qf4 Qb6 23. Rhe1 Qa6 24. a3 d4 25. Nd7 Bxd7 26. Rxe7
Ba4 27. Bd5 Rae8 28. Rde1 Kh8 29. Bxf7 Qxd3 30. Qf6+ 1-0

[Event "IEWCC"]
[Site "Istanbul TUR"]
[Date "2003.06.10"]
[Round "7"]
[White "Keskin,S"]
[Black "Lauterbach,I"]
[Result "1/2-1/2"]
[WhiteElo "2023"]
[BlackElo "2144"]
[EventDate "2003.06.02"]

1. d4 Nf6 2. c4 d6 3. Nc3 Nbd7 4. e4 e5 5. Nf3 c6 6. Be2 Be7 7. O-O O-O 8.
Re1 Qc7 9. a3 a5 10. Rb1 exd4 11. Nxd4 Nc5 12. f3 Re8 13. Be3 Bf8 14. Bf2
Ne6 15. Bf1 Nf4 16. Qd2 Ng6 17. b4 axb4 18. axb4 Bd7 19. Qb2 Ne5 20. Ra1
Rec8 21. Ra3 Rxa3 22. Qxa3 Qb8 23. Ra1 c5 24. bxc5 dxc5 25. Ndb5 Be6 26.
Nd5 Ne8 27. Na7 Rd8 28. Bxc5 Nd6 29. Qb4 Nd7 30. Be3 Nf5 31. Qc3 Nxe3 32.
Nxe3 Bc5 33. Nb5 Qf4 34. Re1 Nb6 35. h3 h6 36. Kh1 Bxe3 37. Rxe3 Nxc4 38.
Re1 Qd2 39. Qxd2 Rxd2 40. Nc7 Nb2 41. Nxe6 fxe6 42. Kg1 Kf7 43. Rc1 Ke7 44.
Rc7+ Rd7 45. Rc2 Nd3 46. Rc3 Ne5 47. Bb5 Rd1+ 48. Kf2 Kd6 49. Be2 Ra1 50.
f4 Nc6 51. e5+ Kc7 52. Bg4 Kd7 53. Rb3 Ra2+ 54. Kg3 Nd8 55. Rb6 Ra6 56. Rb3
Kc7 57. Be2 Rb6 58. Rc3+ Rc6 59. Rb3 Rc5 60. Kh4 g6 61. Kg3 g5 62. Kg4 Nf7
63. Bf3 b5 64. g3 Kb6 65. Kh5 gxf4 66. gxf4 Rc4 67. Be2 Rxf4 68. Rxb5+ Kc6
69. Ra5 Rf5+ 70. Kg6 Nxe5+ 71. Kh7 h5 72. Ra6+ Kd5 73. Kh6 Nf7+ 74. Kg6
Ne5+ 75. Kh6 h4 76. Ra4 Nf3 77. Bxf3+ Rxf3 78. Rxh4 e5 79. Kg5 e4 80. Rh8
e3 81. Kg4 Rf7 82. Re8 Kd4 83. h4 Kd3 84. h5 e2 85. h6 Rf1 86. Kg5 Rg1+ 87.
Kf6 1/2-1/2

[Event "IEWCC"]
[Site "Istanbul TUR"]
[Date "2003.06.10"]
[Round "7"]
[White "Topel,Z"]
[Black "Mar,K"]
[Result "1/2-1/2"]
[WhiteElo "2092"]
[BlackElo "2236"]
[EventDate "2003.06.02"]

1. d4 d5 2. Nf3 Nf6 3. c4 c6 4. Nc3 g6 5. g3 Bg7 6. Bg2 dxc4 7. Ne5 Ng4 8.
Nxg4 Bxg4 9. d5 O-O 10. O-O Qa5 11. d6 exd6 12. Qxd6 Na6 13. h3 Be6 14. Ne4
Rad8 15. Qf4 Qe5 16. Qh4 f6 17. Bd2 Bd5 18. Bc3 Qe7 19. Rad1 Rde8 20. Nd2
b5 21. Bxd5+ cxd5 22. Qd4 Qd7 23. Nf3 b4 24. Be1 Rxe2 25. Qxc4 dxc4 26.
Rxd7 Nc5 27. Rxa7 Nd3 28. Rb7 Nxe1 29. Rxe1 Rxb2 30. Ree7 Bh6 31. Rxh7 c3
32. Rxh6 c2 33. Rxg6+ Kh8 34. Rh6+ Kg8 1/2-1/2

[Event "IEWCC"]
[Site "Istanbul TUR"]
[Date "2003.06.11"]
[Round "8"]
[White "Matveeva,S"]
[Black "Khurtsidze,N"]
[Result "1/2-1/2"]
[WhiteElo "2474"]
[BlackElo "2427"]
[EventDate "2003.06.02"]

1. d4 Nf6 2. c4 e6 3. Nc3 Bb4 4. Qc2 c5 5. dxc5 Qc7 6. Nf3 Bxc5 7. g3 Qb6
8. e3 Be7 9. Bg2 a6 10. O-O Qc7 11. b3 b6 12. Bb2 Bb7 13. Rac1 d6 14. Rfd1
Nbd7 15. Qe2 Rc8 16. Nd4 Bxg2 17. Kxg2 Qb7+ 18. Qf3 Qxf3+ 19. Nxf3 O-O 20.
Nd4 Rc7 21. h3 Rfc8 22. f4 g6 23. g4 h6 24. Kf3 Ne8 25. Ne4 f5 26. gxf5
gxf5 27. Ng3 Kf7 28. e4 fxe4+ 29. Nxe4 d5 30. cxd5 exd5 31. Ng3 Rxc1 32.
Bxc1 Nef6 33. Be3 Bf8 34. Nde2 Rc2 35. Rd2 Rxd2 36. Bxd2 Nc5 37. Be3 b5 38.
Nf5 1/2-1/2

[Event "IEWCC"]
[Site "Istanbul TUR"]
[Date "2003.06.11"]
[Round "8"]
[White "Peptan,C"]
[Black "Kosintseva,N"]
[Result "1/2-1/2"]
[WhiteElo "2471"]
[BlackElo "2417"]
[EventDate "2003.06.02"]

1. e4 c5 2. Nf3 Nc6 3. d4 cxd4 4. Nxd4 Nf6 5. Nc3 e5 6. Ndb5 d6 7. Na3 Be6
8. Bc4 Be7 9. Bg5 O-O 10. Bxf6 Bxf6 11. O-O Rc8 12. Nd5 Bg5 13. c3 Kh8 14.
Be2 Ne7 15. Nxe7 Qxe7 16. c4 g6 17. Qd3 f5 18. Rad1 Rcd8 19. Nb5 fxe4 20.
Qa3 e3 21. fxe3 Rxf1+ 22. Bxf1 Bg4 23. Re1 Qf6 24. Qd3 h5 25. Nc3 Bh6 26.
h3 Bf5 27. e4 Be6 28. Rd1 g5 29. Nd5 Qg7 30. Qf3 Rf8 31. Qxh5 g4 32. Ne7
Rf6 33. Nf5 Bxf5 34. exf5 gxh3 35. Qxh3 Qg5 36. Bd3 Kg7 37. Be4 b6 38. b3
Qf4 39. Qf3 Qxf3 40. gxf3 Be3+ 41. Kg2 Rh6 42. Re1 Bf4 43. Rg1 Be3 44. Rd1
Bf4 45. b4 Kf8 46. a3 Ke7 47. Kg1 Rh2 48. f6+ Ke6 49. f7 Kxf7 50. Rxd6 Rd2
51. Bd5+ Ke7 52. Rg6 b5 53. Kf1 Rd4 54. Rc6 Kd7 55. Rc5 bxc4 56. Bxc4 Kd6
57. Be2 Rd2 58. Rc8 Ra2 59. Rc3 Kd5 60. Kf2 Bg5 61. Rc5+ Kd4 62. Rc4+ Kd5
63. Rc5+ Kd4 64. Rc4+ Kd5 65. Rc3 Ra1 66. Rd3+ Kc6 67. b5+ Kc5 68. Rc3+ Kd4
69. Rd3+ Kc5 70. Rc3+ Kd4 71. Rd3+ Kc5 72. Rb3 Ra2 73. Rc3+ Kd4 74. Rc4+
Kd5 75. Ra4 Be7 76. Ke1 Rxa3 77. Rxa3 Bxa3 78. Kd2 1/2-1/2

[Event "IEWCC"]
[Site "Istanbul TUR"]
[Date "2003.06.11"]
[Round "8"]
[White "Cramling,P"]
[Black "Mkrtchian,L"]
[Result "1/2-1/2"]
[WhiteElo "2470"]
[BlackElo "2416"]
[EventDate "2003.06.02"]

1. d4 Nf6 2. Nf3 d5 3. c4 e6 4. Nc3 Be7 5. Bg5 h6 6. Bxf6 Bxf6 7. Qb3 c6 8.
Rd1 Nd7 9. e4 dxe4 10. Nxe4 O-O 11. Be2 Qe7 12. O-O b6 13. Rfe1 c5 14. Qa3
Bb7 15. Nxf6+ Nxf6 16. dxc5 Qxc5 17. Qxc5 bxc5 18. Ne5 Rfd8 19. Rxd8+ Rxd8
20. Rd1 Rxd1+ 21. Bxd1 Kf8 22. Ba4 Ke7 23. f3 Ng8 24. Nd3 Kd6 25. Be8 f6
26. Bf7 Ne7 27. Bxe6 Ng6 28. Bg8 Bc8 29. Kf2 Bf5 30. Nc1 Ne7 31. Bf7 Bb1
32. a3 Bc2 33. Be8 g5 34. Ke1 Bh7 35. Kd2 Nf5 36. g3 Bg8 37. Kc3 Ne3 38. b3
Nf1 39. Bg6 Nxh2 40. Be4 h5 41. b4 Nf1 42. Ne2 Ne3 43. Bd3 h4 44. gxh4 gxh4
45. Nf4 Bf7 46. Be2 Nf5 47. Bf1 Ne3 48. Be2 Nf5 49. Bf1 Ne3 1/2-1/2

[Event "IEWCC"]
[Site "Istanbul TUR"]
[Date "2003.06.11"]
[Round "8"]
[White "Radziewicz,I"]
[Black "Kovalevskaya,E"]
[Result "1/2-1/2"]
[WhiteElo "2428"]
[BlackElo "2447"]
[EventDate "2003.06.02"]

1. e4 c5 2. c3 d6 3. d4 Nf6 4. Bd3 cxd4 5. cxd4 e5 6. Nf3 exd4 7. Nxd4 Nc6
8. Nxc6 bxc6 9. Nc3 Be7 10. O-O O-O 11. h3 Nd7 12. Qc2 Nc5 13. Bc4 Be6 14.
Bxe6 Nxe6 15. Be3 Qa5 16. Rad1 Rfd8 17. f4 Bf6 18. Ne2 Qxa2 19. f5 1/2-1/2

[Event "IEWCC"]
[Site "Istanbul TUR"]
[Date "2003.06.11"]
[Round "8"]
[White "Prudnikova,S"]
[Black "Dzagnidze,N"]
[Result "1/2-1/2"]
[WhiteElo "2426"]
[BlackElo "2376"]
[EventDate "2003.06.02"]

1. c4 e6 2. Nf3 Nf6 3. d4 Bb4+ 4. Nbd2 d5 5. a3 Be7 6. g3 b6 7. Bg2 Bb7 8.
Ne5 O-O 9. O-O Nbd7 10. Qa4 Nxe5 11. dxe5 Nd7 12. cxd5 exd5 13. Nf3 Nc5 14.
Qc2 Ne6 15. Rd1 c5 16. h4 Qc7 17. Bg5 Bxg5 18. hxg5 Rad8 19. b4 d4 20. bxc5
bxc5 21. Rac1 d3 22. Qc4 dxe2 23. Qxe2 Bxf3 24. Bxf3 Nd4 25. Qe3 Qxe5 26.
Bg4 Rfe8 27. Qxe5 Rxe5 28. f4 Red5 29. Kf2 f5 30. gxf6 gxf6 31. Bh3 Rh5 32.
Bg4 Rhd5 33. Bh3 Kg7 34. Bg2 Rh5 35. g4 Rh4 36. Kg3 Rh6 37. Bf3 Rb8 38.
Rxc5 Nxf3 39. Rd7+ Kg8 40. Kxf3 Rh3+ 41. Ke4 Rxa3 42. Kf5 Ra4 43. Kxf6
Rxf4+ 44. Kg5 Rbf8 45. Rcc7 R8f7 46. Rxa7 1/2-1/2

[Event "IEWCC"]
[Site "Istanbul TUR"]
[Date "2003.06.11"]
[Round "8"]
[White "Peng Zhaoqin"]
[Black "Danielian,E"]
[Result "0-1"]
[WhiteElo "2433"]
[BlackElo "2386"]
[EventDate "2003.06.02"]

1. d4 d5 2. c4 dxc4 3. e3 e6 4. Bxc4 c5 5. Nf3 Nf6 6. Qe2 a6 7. dxc5 Bxc5
8. O-O Nbd7 9. e4 b5 10. Bd3 Bb7 11. Nbd2 e5 12. Nb3 Bb6 13. Nh4 O-O 14.
Nf5 g6 15. Nd6 Bc6 16. Rd1 Qe7 17. Bc2 Bc7 18. Qd3 Rfd8 19. Bg5 Nf8 20. Qf3
Kg7 21. Nf5+ gxf5 22. Qg3 Rxd1+ 23. Rxd1 Re8 24. exf5 h6 25. Be3+ Kh8 26.
Bc5 Nh5 27. Bxe7 Nxg3 28. Bf6+ Kh7 29. hxg3 Nd7 30. Be7 Kg7 31. Bd6 Bb6 32.
Kf1 a5 33. Nd2 e4 34. Bf4 Nf6 35. Nb3 Bd5 36. Nd4 Bxa2 37. Nxb5 Bc4+ 38.
Kg1 Bxb5 39. Rd6 Bc7 40. Rd4 Bxf4 41. gxf4 Rc8 42. Rd2 Rc5 43. g3 Rxf5 44.
Bb3 Rc5 0-1

[Event "IEWCC"]
[Site "Istanbul TUR"]
[Date "2003.06.11"]
[Round "8"]
[White "Zhukova,N"]
[Black "Klinova,M"]
[Result "0-1"]
[WhiteElo "2448"]
[BlackElo "2368"]
[EventDate "2003.06.02"]

1. d4 d6 2. c4 e5 3. d5 Be7 4. Nc3 Bg5 5. e3 f5 6. Bd3 e4 7. Bc2 Bf6 8.
Nge2 Ne7 9. b3 O-O 10. Bb2 Ng6 11. Qd2 Ne5 12. Rf1 a5 13. f4 exf3 14. gxf3
a4 15. O-O-O axb3 16. axb3 Na6 17. f4 Nd7 18. Bxf5 Ndc5 19. Bc2 Nb4 20. Kb1
Nxc2 21. Qxc2 c6 22. e4 b5 23. cxb5 cxb5 24. Nd4 b4 25. Ncb5 Bg4 26. Rde1
Qa5 27. e5 Qa2+ 28. Kc1 dxe5 29. Qxc5 exd4 30. d6 d3 31. Rf2 Be2 32. Rfxe2
dxe2 33. Qc4+ Kh8 34. Bxf6 gxf6 35. Rxe2 Qa1+ 36. Kd2 Ra2+ 37. Ke3 Qg1+ 0-1

[Event "IEWCC"]
[Site "Istanbul TUR"]
[Date "2003.06.11"]
[Round "8"]
[White "Zielinska,Mar"]
[Black "Javakhishvili,L"]
[Result "0-1"]
[WhiteElo "2430"]
[BlackElo "2336"]
[EventDate "2003.06.02"]

1. g3 c5 2. Bg2 d5 3. Nf3 Nc6 4. d4 e6 5. O-O Nf6 6. e3 Be7 7. dxc5 Bxc5 8.
c4 O-O 9. Nc3 dxc4 10. Qa4 Bb4 11. Nd2 Rb8 12. Nxc4 Bxc3 13. bxc3 b5 14.
Qc2 Qc7 15. Nd2 Bb7 16. Rb1 a6 17. Ba3 Rfd8 18. e4 Nd4 19. Qd1 Qxc3 20. Be7
Qxd2 21. Bxd8 Ne2+ 22. Kh1 Rxd8 23. Qxd2 Rxd2 24. Rbd1 Rxd1 25. Rxd1 Kf8
26. f3 e5 27. Rd8+ Ke7 28. Rb8 Bc6 29. Rb6 Kd6 30. Rxa6 Nd7 31. Bh3 Nc5 32.
Ra7 Bb7 33. Ra3 b4 34. Re3 Nc3 35. Bf1 Nxa2 36. Bc4 Nc3 37. Bxf7 Bc8 38.
Kg2 Be6 39. Bxe6 Kxe6 40. Kf1 Kd6 41. f4 b3 42. fxe5+ Kc6 0-1

[Event "IEWCC"]
[Site "Istanbul TUR"]
[Date "2003.06.11"]
[Round "8"]
[White "Voiska,M"]
[Black "Vasilevich,T"]
[Result "1/2-1/2"]
[WhiteElo "2354"]
[BlackElo "2410"]
[EventDate "2003.06.02"]

1. d4 Nf6 2. Nf3 e6 3. e3 c5 4. Bd3 d5 5. b3 cxd4 6. exd4 Bb4+ 7. c3 Be7 8.
O-O O-O 9. Ne5 Nbd7 10. Qe2 Nxe5 11. dxe5 Nd7 12. Bb2 Nc5 13. Bc2 Bd7 14.
Nd2 Qb6 15. Rfe1 Rfd8 16. Nf3 g6 17. Bc1 Rac8 18. Bg5 Bxg5 19. Nxg5 h6 20.
Nf3 Ne4 21. Bxe4 dxe4 22. Nd2 Rxc3 23. Nxe4 Bb5 24. Qb2 Rcd3 25. Nd6 f6 26.
Ne4 Bc6 27. Nxf6+ Kg7 28. Qa3 Kf7 29. Rac1 Rd2 30. Ng4 Qd4 31. h3 h5 32.
Rc4 Rd1 33. Rxd4 Rxe1+ 34. Kh2 Rxd4 35. Nh6+ Kg7 36. Qe7+ Kxh6 37. Qf8+ Kh7
38. Qf7+ Kh6 39. Qf8+ Kh7 40. Qf7+ 1/2-1/2

[Event "IEWCC"]
[Site "Istanbul TUR"]
[Date "2003.06.11"]
[Round "8"]
[White "Djingarova,E"]
[Black "Foisor,C"]
[Result "1-0"]
[WhiteElo "2310"]
[BlackElo "2395"]
[EventDate "2003.06.02"]

1. e4 g6 2. d4 Bg7 3. Nc3 c6 4. Nf3 d6 5. Be2 b5 6. O-O Bb7 7. e5 dxe5 8.
dxe5 Qxd1 9. Rxd1 Nd7 10. e6 fxe6 11. Ng5 Nf8 12. Nxb5 Be5 13. f4 Bb8 14.
Nd4 Bc7 15. Be3 Bb6 16. Bf2 Nf6 17. Ndxe6 Nxe6 18. Nxe6 Kf7 19. Bc4 Nd5 20.
Nc5 Bxc5 21. Bxc5 e6 22. Re1 a5 23. Re4 a4 24. Rae1 Rhe8 25. a3 Bc8 26. Bd6
Bd7 27. Bf1 Ra7 28. g3 Nf6 29. Rb4 Nd5 30. Rc4 Rea8 31. Bg2 Rb7 32. Be5
Rba7 33. Rc5 Ra5 34. Rc4 R8a7 35. Kf2 Rb7 36. h3 c5 37. g4 Bc6 38. Bf3 Rd7
39. f5 exf5 40. gxf5 Ne7 41. fxg6+ hxg6 42. Bc3 Ra6 43. Bxc6 Rxc6 44. Rh4
Rcc7 45. Rh7+ Kf8 46. Rh8+ Kf7 47. Rh7+ Kf8 48. Rh4 Nd5 49. Be5 Rb7 50.
Rxa4 Nb6 51. Rf4+ Rf7 52. Bd6+ Kg7 53. Rxf7+ Rxf7+ 54. Kg3 Nd5 55. Bxc5 Rc7
56. b4 Kh6 57. c4 Nc3 58. Re7 Rc8 59. h4 g5 60. Re6+ Kh5 61. Re5 Kh6 62.
hxg5+ Kh7 63. Kf4 Kg6 64. Re6+ Kf7 65. Kf5 Na4 66. g6+ Kg8 67. Re5 Nb2 68.
Re4 Nd3 69. Bd4 Rf8+ 70. Bf6 1-0

[Event "IEWCC"]
[Site "Istanbul TUR"]
[Date "2003.06.11"]
[Round "8"]
[White "Dergatschova Daus,A"]
[Black "Socko,M"]
[Result "0-1"]
[WhiteElo "2250"]
[BlackElo "2381"]
[EventDate "2003.06.02"]

1. d4 Nf6 2. c4 g6 3. Nc3 Bg7 4. e4 d6 5. f4 O-O 6. Nf3 c5 7. dxc5 Qa5 8.
Bd3 Qxc5 9. Qe2 Nc6 10. Be3 Qh5 11. h3 Qa5 12. Rc1 Nh5 13. Qf2 Nb4 14. Bb1
Bxc3+ 15. bxc3 Nc6 16. f5 Ne5 17. O-O Nxf3+ 18. Qxf3 Bd7 19. c5 dxc5 20.
Bh6 Bc6 21. Bxf8 Rxf8 22. Qe3 c4 23. g4 Nf6 24. g5 Nh5 25. Rf3 Qc7 26. Rf2
Qe5 27. Re1 Rd8 28. Qf3 Rf8 29. Rd1 Ng3 30. fxg6 hxg6 31. Re1 Nh5 32. h4 f5
33. Qe3 f4 34. Qf3 Rd8 35. Bc2 b5 36. Rb1 Kg7 37. Re1 a5 38. a3 Rd6 39. Kh2
Qc5 40. Ra1 Qe3 41. Raf1 Ng3 42. Rd1 Qxf3 43. Rxf3 Rxd1 44. Bxd1 Nxe4 45.
Rxf4 Nxc3 46. Bg4 Bd5 47. Kg3 b4 48. axb4 axb4 49. Rf1 b3 50. h5 gxh5 51.
Bf5 e6 52. Bh3 b2 53. Kh4 b1=Q 54. Rxb1 Nxb1 55. Kxh5 c3 0-1

[Event "IEWCC"]
[Site "Istanbul TUR"]
[Date "2003.06.11"]
[Round "8"]
[White "Ionescu Brandis,I"]
[Black "Makka,I"]
[Result "1-0"]
[WhiteElo "2366"]
[BlackElo "2234"]
[EventDate "2003.06.02"]

1. e4 c6 2. d4 d5 3. e5 Bf5 4. c3 e6 5. Be3 Nd7 6. Nd2 f6 7. f4 g5 8. Ngf3
g4 9. Nh4 Nh6 10. g3 Be7 11. Nxf5 Nxf5 12. Bf2 fxe5 13. fxe5 Rg8 14. Be2
Bg5 15. Nf1 h5 16. h3 Nh6 17. hxg4 Nxg4 18. Rxh5 Nxf2 19. Kxf2 Qe7 20. Qd3
O-O-O 21. Rh7 Rdf8+ 22. Kg2 Rg7 23. Rxg7 Qxg7 24. Nh2 Rh8 25. Ng4 Nf8 26.
Rh1 Rxh1 27. Kxh1 Ng6 28. Qf3 Ne7 29. Kg2 Nf5 30. Bd3 Nh6 31. Nf6 Kd8 32.
Nh5 Qg8 33. c4 Be7 34. Nf4 a6 35. cxd5 cxd5 36. Qh5 Bf8 37. Bg6 Kd7 38. g4
Qg7 39. g5 Ng8 40. Bf7 Ne7 41. Nxe6 Ng6 42. Nxg7 Nf4+ 43. Kf3 Nxh5 44. Nxh5
1-0

[Event "IEWCC"]
[Site "Istanbul TUR"]
[Date "2003.06.11"]
[Round "8"]
[White "Sedina,E"]
[Black "Koskela,N"]
[Result "1/2-1/2"]
[WhiteElo "2434"]
[BlackElo "2312"]
[EventDate "2003.06.02"]

1. e4 e5 2. Nf3 Nc6 3. Nc3 Nf6 4. g3 d5 5. exd5 Nxd5 6. Bg2 Nxc3 7. bxc3
Bd6 8. O-O O-O 9. Rb1 Rb8 10. d4 Re8 11. Re1 exd4 12. cxd4 Bg4 13. Bb2 Qd7
14. Rxe8+ Rxe8 15. d5 Ne5 16. Nxe5 Rxe5 17. Qd4 b6 18. h3 Bf5 19. g4 Bg6
20. Qd2 Re8 21. Re1 Qb5 22. Rxe8+ Qxe8 23. h4 f6 24. h5 Bf7 25. c4 Qa4 26.
g5 Qxa2 27. gxf6 Qb1+ 28. Bf1 gxf6 29. Bxf6 Qf5 30. Ba1 Qxh5 31. Bg2 Be5
32. Bxe5 Qxe5 33. f4 Qf6 34. Qe3 a5 35. c5 bxc5 36. Qxc5 Qxf4 37. Qxa5 Bg6
38. Qe1 Kg7 39. Qe7+ Kh6 40. Kh1 Qc1+ 41. Kh2 Qf4+ 42. Kh1 Qc1+ 43. Kh2
Qf4+ 44. Kh1 1/2-1/2

[Event "IEWCC"]
[Site "Istanbul TUR"]
[Date "2003.06.11"]
[Round "8"]
[White "Bosboom Lanchava,T"]
[Black "Pokorna,Reg"]
[Result "0-1"]
[WhiteElo "2329"]
[BlackElo "2418"]
[EventDate "2003.06.02"]

1. d4 d5 2. c4 e5 3. dxe5 d4 4. g3 Nc6 5. Nf3 Bg4 6. Bg2 Qd7 7. h3 Be6 8.
b3 O-O-O 9. Bb2 h6 10. a3 Nge7 11. e3 dxe3 12. Qxd7+ Rxd7 13. fxe3 Nf5 14.
Kf2 Bc5 15. Bc1 Rd3 16. Re1 Rxb3 17. g4 Nfe7 18. Bf1 Ng6 19. Nfd2 Rb6 20.
Ne4 Be7 21. Rd1 Ncxe5 22. c5 Bh4+ 23. Kg1 Rb3 24. Nbc3 h5 25. Nb5 Nf3+ 26.
Kg2 hxg4 27. hxg4 Ne1+ 28. Rxe1 Bxe1 29. Nd4 Bd5 30. Kf3 Bc3 31. Nxb3 Bxa1
32. Nxa1 Re8 33. Bd3 Ne5+ 0-1

[Event "IEWCC"]
[Site "Istanbul TUR"]
[Date "2003.06.11"]
[Round "8"]
[White "Velikhanli,F"]
[Black "Arakhamia,K"]
[Result "1-0"]
[WhiteElo "2305"]
[BlackElo "2413"]
[EventDate "2003.06.02"]

1. e4 c5 2. Nf3 e6 3. d4 cxd4 4. Nxd4 Nf6 5. Nc3 d6 6. Be2 a6 7. a4 Qc7 8.
O-O b6 9. f4 Bb7 10. Bf3 Nbd7 11. Kh1 Rd8 12. Qe2 e5 13. Nf5 g6 14. fxe5
dxe5 15. Nh6 Rc8 16. Bg5 Qc4 17. Qf2 Bg7 18. Rad1 Rf8 19. Qh4 Qb4 20. Ng4
Nh5 21. Qh3 Bc6 22. Nd5 Qxa4 23. b3 Qb5 24. Nge3 h6 1-0

[Event "IEWCC"]
[Site "Istanbul TUR"]
[Date "2003.06.11"]
[Round "8"]
[White "Tkeshelashvili,S"]
[Black "Stepovaia Dianchenko,T"]
[Result "1-0"]
[WhiteElo "2293"]
[BlackElo "2394"]
[EventDate "2003.06.02"]

1. e4 c5 2. Nf3 e6 3. d4 cxd4 4. Nxd4 Nf6 5. Nc3 Nc6 6. Nxc6 bxc6 7. e5 Nd5
8. Ne4 f5 9. exf6 Nxf6 10. Nd6+ Bxd6 11. Qxd6 Qb6 12. Bd3 c5 13. Bf4 Bb7
14. O-O-O Bc8 15. f3 Rf8 16. Be4 Nxe4 17. fxe4 Qc6 18. Qd2 c4 19. c3 Kd8
1-0

[Event "IEWCC"]
[Site "Istanbul TUR"]
[Date "2003.06.11"]
[Round "8"]
[White "Medic,Mir"]
[Black "Ciuksyte,D"]
[Result "0-1"]
[WhiteElo "2290"]
[BlackElo "2375"]
[EventDate "2003.06.02"]

1. Nf3 Nf6 2. c4 c5 3. g3 b6 4. Bg2 Bb7 5. O-O e6 6. d4 cxd4 7. Qxd4 Nc6 8.
Qd1 Be7 9. Nc3 O-O 10. e4 d6 11. b3 a6 12. Be3 Qc7 13. Rc1 Ne5 14. Ne1 Rad8
15. h3 Rfe8 16. Qe2 Ned7 17. f3 d5 18. cxd5 Qxg3 19. dxe6 Bd6 20. exf7+
Kxf7 21. Qc4+ Kf8 22. Ne2 Qh2+ 23. Kf2 Rxe4 24. Qd3 Nc5 25. Qb1 Rxe3 26.
Kxe3 Bg3 27. Nxg3 Qxg3 28. Rc4 Nd5+ 29. Ke2 Nf4+ 30. Rxf4+ Qxf4 31. Rf2 Ne4
32. Nd3 Qd2+ 33. Kf1 Qxf2+ 0-1